La fructose-6-phosphate phosphotransferase enzyme regulatrice du metabolisme des laticiferes (Record no. 46173)

MARC details
000 -LEADER
fixed length control field 00447nam a2200157Ia 4500
100 ## - MAIN ENTRY--AUTHOR NAME
Personal name Jacob JL
245 #0 - TITLE STATEMENT
Title La fructose-6-phosphate phosphotransferase enzyme regulatrice du metabolisme des laticiferes
260 ## - PUBLICATION, DISTRIBUTION, ETC. (IMPRINT)
Name of publisher Caoutchoucs et Plastiques
Year of publication 1991
300 ## - PHYSICAL DESCRIPTION
Number of Pages 113-117
700 ## - ADDED ENTRY--PERSONAL NAME
Personal name 6aL'Huillier L
700 ## - ADDED ENTRY--PERSONAL NAME
Personal name Clment-Vidal A
700 ## - ADDED ENTRY--PERSONAL NAME
Personal name D'Auzac J
700 ## - ADDED ENTRY--PERSONAL NAME
Personal name Prevot JC
942 ## - ADDED ENTRY ELEMENTS (KOHA)
Koha item type Reprints
Holdings
Withdrawn status Lost status Damaged status Not for loan Home library Current library Date acquired Serial Enumeration / chronology Koha item type
      Reprints RRII Library RRII Library 22/12/2021 Volume Oct, Issue 708 Reprints